Montreal Canadiens in the Hockey Hall of Fame - Statistics

General Stats
  • This quiz has been taken 272 times
  • The average score is 25 of 57
Answer Stats
Seasons with the Canadiens Player % Correct
20 Henri Richard
97%
18 Maurice Richard
97%
20 Jean Béliveau
94%
14 Guy Lafleur
91%
12 Patrick Roy
88%
11 Jacques Plante
87%
17 Larry Robinson
85%
8 Ken Dryden
82%
3 Denis Savard
78%
15 Serge Savard
78%
11 Howie Morenz
75%
15 Yvan Cournoyer
74%
14 Bernie Geoffrion
69%
13 Steve Shutt
69%
13 Guy Lapointe
67%
16 Bob Gainey
66%
14 Doug Harvey
64%
13 Guy Carbonneau
64%
14 Elmer Lach
62%
13 Toe Blake
62%
16 Georges Vézina
61%
7 Chris Chelios
59%
12 Jacques Lemaire
59%
12 Dickie Moore
58%
4 Frank Mahovlich
57%
15 Butch Bouchard
49%
16 Aurèle Joliat
48%
7 Bill Durnan
36%
2 Doug Gilmour
36%
8 George Hainsworth
36%
12 Jacques Laperrière
36%
7 Gump Worsley
35%
12 Newsy Lalonde
34%
4 Joe Malone
28%
5 Rogie Vachon
27%
15 Tom Johnson
27%
1 Tony Esposito
27%
5 Mark Recchi
26%
13 Didier Pitre
21%
4 Rod Langway
21%
9 Jack Laviolette
18%
13 Sylvio Mantha
18%
1 Tommy Smith
18%
6 Dick Duff
17%
8 Bert Olmstead
14%
4 Sprague Cleghorn
14%
3 Babe Siebert
13%
7 Kenny Reardon
13%
2 Joe Hall
12%
6 Buddy O'Connor
8%
3 Herb Gardiner
6%
1 Gordie Drillon
5%
1 Harry Cameron
4%
1 Roy Worters
4%
2 Jimmy Gardner
3%
1 Reg Noble
3%
1 Marty Barry
1%
No matching quizzes found
Score Distribution
Percent of People with Each Score
Percentile by Number Answered
Your Score History
You have not taken this quiz